Представление документа в формате RUSMARC

ПолеНазваниеЗначение
  Тип записи a
  Библиографический уровень m
001 Контрольный номер RU/SLIB/B/208712440
005 Дата корректировки 20231107124328.5
010 Индекс ISBN __
a ISBN 966-596-009-1
d Цена 30-00
101 Язык документа 0_
a Язык текста rus
c Язык оригинала rus
200 Заглавие и сведения об ответственности 0_
a Заглавие Знакомство с историей
f Первые сведения об ответственности А. Р. Федонин
b Общее обозначение материала Текст
210 Выходные данные 1_
a Место издания Донецк
c Издательство Сталкер
d Дата издания 1997
215 Физическое описание __
a Объем 444 с.
225 Серия 2_
a Серия Для школьников
330 Аннотация __
a Аннотация Эта книга является пионером среди учебных пособий по истории, так как в ней сделана оригинальная попытка продемонстрировать в доступной форме некоторые источники, из которых можно черпать сведения о прошлом. Читателю часто будет казаться, что он проник в лабораторию историка-исследователя.
606 Тематические рубрики __
a Основная рубрика История
606 Тематические рубрики __
a Основная рубрика Теория и методология исторической науки
610 Ключевые слова 0_
a Ключевые слова метрология; детская литература; древний мир; новейшая история; новая история; средние века; астрология; культурные памятники; этнография; археологические памятники; национальный этикет; меры веса; меры объема; топонимика; имена; меры длины; быт; обряды; традиции; суеверия; гороскопы; путешествия; исторические источники; исторические термины; историки; знаки зодиака; исторические сведения
686 Индексы других классификаций __
a Классификационный индекс ст63
700 Автор _1
a Фамилия Федонин
b Имя А. Р.
4 Код отношения 070
801 Источник записи _0
a Страна RU
b Организация Муниципальное бюджетное учреждение культуры "Централизованная библиотечная система" г. Сургут (Центральная городская библиотека им. А. С. Пушкина)
g Правила каталогизации КиК/Варварина
801 Источник записи _1
a Страна RU
b Организация Муниципальное бюджетное учреждение культуры "Централизованная библиотечная система" г. Сургут (Центральная городская библиотека им. А. С. Пушкина)
g Правила каталогизации КиК/Варварина
852 Данные о местонахождении __
j Шифр хранения ст63
c Каталожный индекс ст63
i Авторский знак Ф 32
901 Тип документа __
t Тип документа m
903 Характеристики (МАРС) __
a Дата передачи 20010306
990 Данные о заказе (DOS) 00
j Количество экземпляров (DOS) 3
t N записи в КСУ для И/У (DOS) 200103